000 00299nam a2200109Ia 4500
008 201223s9999 xx 000 0 und d
100 _aLubell, Harold
245 0 _aUrban development and employment: The prospects for Calcutta
260 _aNew Delhi
_bConcept Publishing
300 _a141
942 _cBK
999 _c8298
_d8298